000 00419 a2200181 4500
001 126624
020 _a9788596005524
040 _cEscola Canadense de Niteroi
100 _aGiovanni
245 1 0 _aFaça! Matemática a Conquista: 3º ano - Parte 2
250 _a1 ed.
260 _aSão Paulo
300 _a289 p.
_bil.
362 0 _a2016
490 0 _aColeção Faça!
650 4 _aMatemática
942 _cBK
999 _c126624
_d126624